Shakespeare im Film. (Záznam č. 1814)
| 000 -LEADER | |
|---|---|
| kontrolní pole pevné délky | 02349cam a22003491 4500 |
| 001 - ŘÍDÍCÍ ČÍSLO | |
| kontrolní pole | 7571047 |
| 003 - CONTROL NUMBER IDENTIFIER | |
| kontrolní pole | CZ PrSKC |
| 005 - DATUM A ČAS POSLEDNÍHO ZPRACOVÁNÍ | |
| kontrolní pole | 20251209143200.0 |
| 008 - SPECIFIKACE PRO KNIHY A POKRAČUJÍCÍ ZDROJE | |
| kontrolní pole pevné délky | 750717s1964 xx 000 0 eng |
| 010 ## - KONTROLNÍ ČÍSLO KONGRESOVÉ KNIHOVNY | |
| Kontrolní číslo Kongresové knihovny | 71401919 |
| 035 ## - SYSTEM CONTROL NUMBER | |
| System control number | 7571047 |
| 035 ## - SYSTEM CONTROL NUMBER | |
| System control number | (OCoLC)1456296 |
| 040 ## - CATALOGING SOURCE (Původ katalogizace) | |
| Agentura zajišťující původní katalogizaci | DLC |
| Agentura převádějící záznam do strojem čitelné podoby | OTU |
| Agentura, která záznam modifikovala | DLC |
| 050 00 - LIBRARY OF CONGRESS CALL NUMBER | |
| Classification number | PR3093 |
| Číslo dokumentu | .S5 |
| 245 00 - ÚDAJE O NÁZVU | |
| Název | Shakespeare im Film. |
| Údaje o odpovědnosti | [Hrsg. von Max Lippmann. Zusammenstellung und Redaktion: Steffen Wolf, et al. |
| 260 ## - PUBLICATION, DISTRIBUTION, ETC. | |
| Místo vydání | Wiesbaden] |
| Jméno nakladatele | Deutsches Institut für Filmkunde |
| Datum vydání | [c1964] |
| 300 ## - FYZICKÝ POPIS | |
| Rozsah | 132 p. |
| Další fyzické údaje | illus., facsims., music, port. |
| Rozměry | 20 x 21 cm. |
| 336 ## - CONTENT TYPE | |
| Content type term | text |
| Content type code | txt |
| Zdroj | rdacontent |
| 337 ## - MEDIA TYPE | |
| Media type term | unmediated |
| Media type code | n |
| Zdroj | rdamedia |
| 338 ## - CARRIER TYPE | |
| Carrier type term | volume |
| Carrier type code | nc |
| Zdroj | rdacarrier |
| 500 ## - VŠEOBECNÁ POZNÁMKA | |
| General note | "Aus Anlass de vom Deutschen Institut für Filmkunde im 'Ufa im Park' vom 2. bis 8. Oktober 1964 durchgeführten ʻShakespeare-Film-Festivals Wiesbaden 1964.'" |
| 505 0# - FORMALIZOVANÁ POZNÁMKA K OBSAHU | |
| Text formalizované poznámky | Begegnung mit Shakespeare, von M. Lippmann.--Shakespeare im Film, von J. Toeplitz.--Verfilmter Shakespeare, von E. Lindgren.--Rede zum Shakespeare-Tag 1771, von J. W. von Goethe.--Geschichte der Shakespeare-Verfilmungen (1899-1964), von S. Wolf.--Shakespeare und Shakespeare-Verfilmung, von W. Haas.--Gespräch mit Orson Welles, von A. Bazin, C. Bitsch und J. Domarchi.--Othello, von S. Jutkewitsch.--Heinrich V. im Film, von J. Phillips.--Die Kostüme für Richard III., von R. Furse.--Die Technik der Filmmusik, von R. Manvell und J. Huntley.--Die Verfilmung von Julius Caesar, von J. Houseman.--Analyse des Hamlet-Films von Laurence Olivier, von F. Loubery.--Bildteil.--Bio-Filmographie (p. 69-122)--Bibliographie (p. 123-127)--Shakespeare-Film-Festival Wiesbaden 1964, Programm. |
| 520 ## - ABSTRAKT, ATD. | |
| Text poznámky | 132 S., quer Oktav, kartoniert. Leicht nachgedunkelt. Sehr sauberes, sehr gutes Exemplar. Aus Anlass des vom Deutschen Institut für Filmkunde im "Ufa im Park" vom 2. bis 8. Oktober durchgeführten "Shakespeare-Film-Festivals Wiesbaden 1964". Sprache: Deutsch (unbesetzt) 350 gr. |
| 600 10 - VEDLEJŠÍ VĚCNÉ ZÁHLAVÍ - OSOBNÍ JMÉNO | |
| Osobní jméno | Shakespeare, William, |
| Data související se jménem | 1564-1616 |
| Formální zpřesnění | Film adaptations. |
| 650 #0 - VEDLEJŠÍ VĚCNÉ ZÁHLAVÍ - VĚCNÉ TÉMA | |
| Topical term or geographic name entry element | Film adaptations. |
| 700 1# - ADDED ENTRY--PERSONAL NAME | |
| Osobní jméno | Lippmann, Max, |
| Data související se jménem | 1906-1966, |
| Relator term | ed. |
| 700 1# - ADDED ENTRY--PERSONAL NAME | |
| Osobní jméno | Wolf, Steffen, |
| Data související se jménem | 1941- |
| 710 2# - ADDED ENTRY--CORPORATE NAME | |
| Jméno korporace nebo jurisdikce jako vstupní prvek | Deutsches Institut für Filmkunde. |
| 906 ## - LOCAL DATA ELEMENT F, LDF (RLIN) | |
| a | 7 |
| b | cbc |
| c | oclcrpl |
| d | u |
| e | ncip |
| f | 19 |
| g | y-gencatlg |
| 942 ## - PŘIDANÉ VEDLEJŠÍ ZÁHLAVÍ (KOHA) | |
| Source of classification or shelving scheme | Dewey Decimal Classification |
| Koha item type | Kniha |
| Suppress in OPAC | No |
| Datum poslední evidence | Přírůstkové číslo | Total Checkouts | Signatura | Čárový kód | Cena effektivně od | Koha item type | Stav ztráty | Source of classification or shelving scheme | Stav poškození | Nelze vypůjčit | Stav zrušení | Home library | Current library | Umístění | Datum zapsání |
|---|---|---|---|---|---|---|---|---|---|---|---|---|---|---|---|
| 09.12.2025 | 1814 | E821/514/LIP | E821/514/LIP | 09.12.2025 | Kniha | Dewey Decimal Classification | Centrum dokumentárního filmu | Centrum dokumentárního filmu | Cizojazyčné publikace E821 | 09.12.2025 |